000 00472nam a2200169Ia 4500
008 090711s9999 xx 000 0 und d
082 _b24655
100 _aखरे सुरेश
245 _aसखी शेजारिणी
260 _c1970
300 _a80
600 _aखरे सुरेश
630 _aसखी शेजारिणी
700 _aखरे सुरेश
730 _aसखी शेजारिणी
942 _cBOOK
999 _c305630
_d305630